000 00797cam a2200241 a 4500
001 000018257
005 20200929165426.0
008 921127s1965 sp 000 f spa d
040 _aDO-SdBNP
_bspa
_cLC
_dBNPHU
082 _a813.5
_bC281f
100 1 _aCarleton, Jetta
_d1913-1999
_939547
240 1 0 _aThe Moonflower Vine.
_lEspañol
245 1 0 _aFlor de luna /
_cJetta Carleton ; traducción María Teresa Gispert.
260 _aBarcelona :
_bLuis de Caralt,
_c1965.
300 _a80 p. ;
_c17 cm.
534 _aTítulo de la obra original :
_tThe Moonflower Vine
500 _aPoems.
650 4 _aNovela estadounidense
_9262
650 4 _aLiteratura estadounidense
_ySIGLO XX
_96874
700 1 _aGispert, María Teresa,
_etr.
_939548
910 _aCatalogación derivada
049 _aBNGR
999 _c17778
_d17778